Men's Singles Year-End World Number 1 - Statistics

General Stats
  • This quiz has been taken 21 times
  • The average score is 42 of 51
Answer Stats
Year Player Nation % Correct
2004 Roger Federer Switzerland
100%
2005 Roger Federer Switzerland
100%
2006 Roger Federer Switzerland
100%
2007 Roger Federer Switzerland
100%
2009 Roger Federer Switzerland
100%
2016 Andy Murray United Kingdom
95%
2011 Novak Djokovic Serbia
95%
2012 Novak Djokovic Serbia
95%
2014 Novak Djokovic Serbia
95%
2015 Novak Djokovic Serbia
95%
2018 Novak Djokovic Serbia
95%
2020 Novak Djokovic Serbia
95%
2021 Novak Djokovic Serbia
95%
2023 Novak Djokovic Serbia
95%
2008 Rafael Nadal Spain
95%
2010 Rafael Nadal Spain
95%
2013 Rafael Nadal Spain
95%
2017 Rafael Nadal Spain
95%
2019 Rafael Nadal Spain
95%
1979 Bjorn Borg Sweden
89%
1980 Bjorn Borg Sweden
89%
1981 John McEnroe United States
89%
1982 John McEnroe United States
89%
1983 John McEnroe United States
89%
1984 John McEnroe United States
89%
1999 Andre Agassi United States
84%
2022 Carlos Alcaraz Spain
79%
1993 Pete Sampras United States
79%
1994 Pete Sampras United States
79%
1995 Pete Sampras United States
79%
1996 Pete Sampras United States
79%
1997 Pete Sampras United States
79%
1998 Pete Sampras United States
79%
1974 Jimmy Connors United States
74%
1975 Jimmy Connors United States
74%
1976 Jimmy Connors United States
74%
1977 Jimmy Connors United States
74%
1978 Jimmy Connors United States
74%
2001 Lleyton Hewitt Australia
74%
2002 Lleyton Hewitt Australia
74%
1990 Stefan Edberg Sweden
68%
1991 Stefan Edberg Sweden
68%
2003 Andy Roddick United States
63%
1985 Ivan Lendl Czechoslovakia
63%
1986 Ivan Lendl Czechoslovakia
63%
1987 Ivan Lendl Czechoslovakia
63%
1989 Ivan Lendl Czechoslovakia
63%
1988 Mats Wilander Sweden
58%
1973 Ilie Nastase Romania
53%
1992 Jim Courier United States
53%
2000 Guga Kuerten Brazil
47%
No matching quizzes found
Score Distribution
Percent of People with Each Score
Percentile by Number Answered
Your Score History
You have not taken this quiz